| 000 | 01160cad a22002295a 4500 | ||
|---|---|---|---|
| 001 | E147402 | ||
| 008 | 090508s2009 xxkad f s 000 0 eng d | ||
| 035 | _a(Sirsi) u147402 | ||
| 041 | 0 | _aeng | |
| 050 | 0 | 4 | _a333.33 $2 18 |
| 110 | 2 |
_aAtisreal _95337 |
|
| 245 | 0 | 0 |
_aEurope quarterly _boffice market Q1 2009 _h[electronic resource] |
| 260 |
_a[S.l.] _bAtisreal _c2009 |
||
| 490 | 0 |
_aAtisreal Europe Quarterly Office Market _vQuarter One 2009 |
|
| 520 | _aReports that letting activity continued to fall in European cities, although demand for less expensive offices stayed high as companies sought to reduce costs. Prime rents began to fall in nearly all European cities in Q1 2009, as landlords sought to keep office property occupied by reducing rents and offering higher incentives. Suggests that vacancy rates continued to rise in many European cities. | ||
| 590 | _aKA | ||
| 650 | 2 | 4 | _aATISREAL EUROPE QUARTERLY OFFICE MARKET |
| 651 | 4 | _aEurope | |
| 690 | _aPROPERTY-COMMERCIAL PROPERTY-COMMERCIAL PROPERTY MARKET | ||
| 856 | 4 | 0 |
_uhttps://www.atisreal.com/ _zView this report free of charge under market research at www.atisreal.com... |
| 942 | _n0 | ||
| 999 |
_c109538 _d109538 |
||